|
|
|
|
| LEADER |
00000nam a2200000 a 4500 |
| 001 |
vtls001380330 |
| 003 |
SK-MaSNL |
| 005 |
20260301071146.0 |
| 008 |
160415s1999 xo a r y 0 slo |
| 015 |
|
|
|a SNBE2000/01-00029
|
| 020 |
|
|
|a 8096819925
|
| 035 |
|
|
|a SNK000334321
|
| 040 |
|
|
|a SNK
|b slo
|c SNK
|e AACR2
|
| 041 |
0 |
|
|a slo
|
| 044 |
|
|
|a xo
|c SK
|
| 080 |
|
|
|a 614.84(083.9)
|2 1981
|
| 245 |
1 |
|
|a Kto porazí ohnivého draka
|
| 260 |
|
|
|a Bratislava
|b Evyan
|c 1999
|
| 300 |
|
|
|a 1 skladačka ([6] s.)
|b kres.
|c 21x10 cm
|
| 500 |
|
|
|a Vydané pre MV SR-úrad požiarnej ochrany a Slovenská poisťovňa
|
| 650 |
0 |
7 |
|a požiarnictvo
|x požiarna ochrana
|x bulletiny
|2 SNK
|9 65264
|
| 655 |
|
7 |
|a informačné publikácie
|2 SNK
|9 70181
|
| 710 |
1 |
|
|a Slovensko.
|b Ministerstvo vnútra.
|b Úrad požiarnej ochrany
|4 vyd
|9 193295
|
| 710 |
2 |
|
|a Slovenská poisťovňa
|4 vyd
|9 18615
|
| 919 |
|
|
|a 80-968199-2-5
|
| 958 |
|
|
|a TL
|
| 999 |
|
|
|c 636813
|d 638743
|
| 952 |
|
|
|t P60, <09>, [BOOK], {629}
|a SNK
|b SNK
|y NEVYP
|7 0
|o snkC 15
|i snk23/20000111
|0 0
|1 0
|4 0
|d 2000-01-10
|l 0
|r 2005-01-02 00:00:00
|w 2026-02-23
|
| 952 |
|
|
|t P60, <03>, [BOOK], {603}
|a SNK
|b SNK
|y PREZ
|7 0
|p 17A0222927
|o snkOSC 20514
|i snkKSP 280/2000
|0 0
|1 0
|4 0
|d 2000-01-10
|l 0
|r 2005-01-02 00:00:00
|w 2026-02-23
|
| 952 |
|
|
|t P60, <04>, [BOOK], {604}
|a SNK
|b SNK
|y VYP
|7 0
|p 17A0222928
|o snkOSC 20514 D1
|i snkKSP 281/2000
|0 0
|1 0
|4 0
|d 2000-01-10
|l 0
|r 2005-01-02 00:00:00
|w 2026-02-23
|